000 00488nam a2200157Ia 4500
003 Ost
005 20260507075659.0
008 260507s9999||||xx |||||||||||||| ||und||
040 _cfsecg
041 _aara
100 _aعبد الفتاح، محمد سعيد
_eمؤلف
245 0 _aالتسويق /
_c محمد سعيد عبد الفتاح
260 _aالاسكندرية:
_bالمكتب العربي الحديث,
_c1987
300 _a663 صفحة؛
_c24 سم
942 _cكتاب
999 _c45770
_d45770